Histoire d'un squelette : Roman
Shranjeno v:
| Glavni avtor: | |
|---|---|
| Format: | Knjiga |
| Jezik: | Undetermined |
| Izdano: |
France
Éditions Philippe Picquier
2006
|
| Teme: | |
| Oznake: |
Označite
Brez oznak, prvi označite!
|
| Thư viện lưu trữ: | Trung tâm Học liệu Trường Đại học Cần Thơ |
|---|
| LEADER | 00546nam a2200193Ia 4500 | ||
|---|---|---|---|
| 001 | CTU_169991 | ||
| 008 | 210402s9999 xx 000 0 und d | ||
| 020 | |c 7.89 | ||
| 082 | |a 895.6 | ||
| 082 | |b M425 | ||
| 100 | |a Eiki, Matayoshi | ||
| 245 | 0 | |a Histoire d'un squelette : | |
| 245 | 0 | |b Roman | |
| 245 | 0 | |c Eiki Matayoshi ; Traduit du japonais par Patrick Honnoré | |
| 260 | |a France | ||
| 260 | |b Éditions Philippe Picquier | ||
| 260 | |c 2006 | ||
| 650 | |a Jappanese literature | ||
| 980 | |a Trung tâm Học liệu Trường Đại học Cần Thơ | ||